Muscle cars Quiz Stats

 Plays Quiz not verified by Sporcle

Challenge
Share
Tweet
Embed
Score 0/25 Timer 10:00
0 Plays Today
Brand Muscle Car % Correct
Ford Boss 302 Mustang
88.8%
Ford Boss 429 Mustang
88.8%
ChevroletCamaro
85.8%
FordMustang GT
84.5%
Dodge Charger
84.2%
Dodge Challenger
80.4%
PontiacGTO
78.4%
Pontiac Firebird
70.1%
Chevrolet Corvette
64.4%
Pontiac Trans AM
57.4%
Oldsmobile442
51.3%
PlymouthRoadrunner
46%
Plymouth Cuda
44.8%
Brand Muscle Car % Correct
Shelby GT 500
43.7%
Chevrolet Nova
42.6%
FordGran Torino
30.6%
ChevroletChevelle SS
26.4%
FordThunderbird
24.3%
SaleenS7
23.9%
ChevroletCamaro SS
21.9%
Ford Galaxie 500
11.9%
PontiacGTO Judge
11.7%
SaleenS281
4.3%
Ford Mustang COBRA R
0.9%
ChevroletImplala
0.4%

You're not logged in!

Compare scores with friends on all Sporcle quizzes.
OR
Log In

You Might Also Like...

Show Comments

Extras

Created Apr 29, 2010ReportNominate
Tags:Automobiles Quiz, car, muscle

Top Quizzes Today


Score Distribution

Your Account Isn't Verified!

In order to create a playlist on Sporcle, you need to verify the email address you used during registration. Go to your Sporcle Settings to finish the process.

Report this User

Report this user for behavior that violates our Community Guidelines.

Details: